000 00433nam a2200181Ia 4500
008 230524s9999 xx 000 0 und d
020 _a8120327454
082 _a4.162
_bHUB
100 _aJohn R.Hubbard
_94992
245 0 _aData Structures With Java
250 _a*
260 _aNEW DELHI
_bPHI
_c2005
300 _aXXII;613
500 _aQuantity Number: 1
650 _aComp-Sc
700 _aAnita Hurray
_94993
942 _cBK
999 _c7005
_d7005